Gugurnya ketika dinihari

Bibliographic Details
Main Author: Amin Minhad
Format: Book
Published: Kuala Lumpur : DBP , 1994
Subjects:

MARC

LEADER 00000cam a2200000 7i4500
001 0000006300
002 000006803
005 20000330.0
020 |a 9836240047 
090 0 0 |a F   |b AMI 
100 0 |a Amin Minhad 
245 1 0 |a Gugurnya ketika dinihari   |c Amin Minhad 
260 |a Kuala Lumpur :   |b DBP ,   |c 1994 
300 |a 177p ;   |c 18cm. 
650 0 0 |a General fiction, Malay 
999 |a 039289   |b BUKU   |c PINJAMAN   |e PERPUSTAKAAN KOMUNITI PETALING JAYA 
999 |a 039290   |b BUKU   |c PINJAMAN   |e PERPUSTAKAAN KOMUNITI PETALING JAYA